Handbook of Nitrous Oxide and Oxygen Sedation (Record no. 26890)

MARC details
000 -LEADER
fixed length control field 00359nam a22001577a 4500
003 - CONTROL NUMBER IDENTIFIER
control field SGT
020 ## - INTERNATIONAL STANDARD BOOK NUMBER
International Standard Book Number 9780323567428
082 ## - DEWEY DECIMAL CLASSIFICATION NUMBER
Classification number 617.645
Item number H20C
100 ## - MAIN ENTRY--PERSONAL NAME
Personal name Clark, Morris S.
245 ## - TITLE STATEMENT
Title Handbook of Nitrous Oxide and Oxygen Sedation
250 ## - EDITION STATEMENT
Edition statement 5th
260 ## - PUBLICATION, DISTRIBUTION, ETC. (IMPRINT)
Name of publisher, distributor, etc Elsevier
Year of Publication 2020
300 ## - PAGE DESCRIPTION
No. of Pages 242
650 ## - SUBJECT ADDED ENTRY--TOPICAL TERM
Topical term or geographic name as entry element Pediatric Dentistry
942 ## - ADDED ENTRY ELEMENTS (KOHA)
Source of classification or shelving scheme Dewey Decimal Classification
Koha item type Books
Holdings
Withdrawn status Lost status Source of classification or shelving scheme Damaged status Use restrictions Not for loan Home library Current library Shelving location Date acquired Vendor Name Cost, normal purchase price SGTU Bill Number Total Checkouts Full call number Accession No. (Barcode) Date last seen Bill Date Koha item type
    Dewey Decimal Classification   Restricted Access Not For Loan SGT Dental Library SGT Dental Library Reference Book 07/09/2024 Ahuja Book Co. Pvt. Ltd. 6414.00 SGTU 19385   617.645 H20C FD9520 07/09/2024   Books